Analytická evidencia nákladov a výnosov pre potreby zistenia základu dane

Gespeichert in:
Bibliographische Detailangaben
1. Verfasser: Gazdagová, Eva, 1957-
Format: Buchkapitel
Sprache:Slowakisch
Tags: Tag hinzufügen
Keine Tags, Fügen Sie das erste Tag hinzu!

MARC

LEADER 00000naa$a2200000$$$4500
001 0091512
005 20240502072024.4
041 0 |a slo 
044 |a SK 
245 1 0 |a Analytická evidencia nákladov a výnosov pre potreby zistenia základu dane  |c Eva Gazdagová 
100 1 |a Gazdagová, Eva, 1957-